000 03384nam0a2200481 4500
001 RU\NLR\BIBL_A\011717501
005 20250630160201.0
020 _aRU
_b15043
_9Сводный каталог листовок первых лет Советской власти (25 октября (7 ноября) 1917 - 1925) Т.5. Листовки советских, партийных, профсоюзных, комсомольских и других организаций Уральской области, автономных областей и республик РСФСР. Ч.2
035 _a(NLR Aleph) 011717501
090 _a11464418
_c11464418
100 _a20180601d1920 |||y0rusy50 ca
101 0 _arus
102 _aRU
105 _ay z 000zy
135 _acrcn 024apada
200 1 _aПриказ № 232. По Красноуфимскому уезду, 24 нояб. 1920 г.: [О проведении "Недели тары" с 20 нояб. по 5 дек. 1920 г.
_eлистовка
_fКрасноуфимский уезд. исполнительный комитет Советов]
210 _a[Красноуфимск]
_cКрасноуфим. гос. тип.
_d[1920, нояб.]
215 _a1 с.
_d33х23
300 _aПодписи: председатель Уисполкома Чекасинов; зам. упродкомиссара Бучацкий; секретарь Уездкомпартии Воронков
325 1 _aКопия доступна в Электронной библиотеке РНБ
517 1 _aО проведении "Недели тары" с 20 нояб. по 5 дек. 1920 г.
607 _aРСФСР
_jЛистовки
_xПолитика и управление
_y1917 - 1925
_92312782
_3RU\NLR\auth\6601609564
607 _aЕкатеринбургская губерния
_jЛистовки
_xПолитика и управление
_92471147
_3RU\NLR\AUTH\6601684649
686 0 _aТ3(2)71-313,011
686 0 _aТ3(2Р-7Е)712.9-2,011
702 1 _4720
_7ca
_8rus
_aЧекасинов
_bМ. И.
_cучастник установления советской власти
_f1890-1972
_gМихаил Иванович
_9208540
_3RU\NLR\AUTH\770208594
702 1 _4720
_7ca
_8rus
_aБучацкий
_bР. З.
_cучастник установления советской власти
_f1896-1937
_gРоман Зиновьевич
_9208541
_3RU\NLR\AUTH\770208595
702 1 _4720
_7ca
_8rus
_aВоронков
_cучастник установления советской власти, Красноуфимский уезд
_9208544
_3RU\NLR\AUTH\770208598
710 0 2 _aКрасноуфимский уездный исполнительный комитет Советов
_9445917
_3RU\NLR\AUTH\880390123
712 1 2 _4570
_aНеделя тары
_f1920
_9572731
_3RU\NLR\AUTH\880454659
852 0 0 _aNLR
_bФЛ
_j28/152
856 0 _uhttps://vivaldi.nlr.ru/ll000078846/view
856 1 _uhttps://vivaldi.nlr.ru/ll000078846/cover
856 2 _uhttps://vivaldi.nlr.ru/ll000078846/text
942 _cBOOK
980 _aNB
981 2 1 _a(21) Листовки
_b(21) Листовки 1920 года